Normal view MARC view
  • ADVISOR DR SYED TAHIR ZIADI

Entry Personal Name

Number of records used in: 1

001 - CONTROL NUMBER

  • control field: 72712

003 - CONTROL NUMBER IDENTIFIER

  • control field: NUST

005 - DATE AND TIME OF LATEST TRANSACTION

  • control field: 20210628204859.0

008 - FIXED-LENGTH DATA ELEMENTS

  • fixed length control field: 210628|| aca||aabn | a|a d

040 ## - CATALOGING SOURCE

  • Original cataloging agency: NUST
  • Transcribing agency: NUST

100 ## - HEADING--PERSONAL NAME

  • Personal name: ADVISOR DR SYED TAHIR ZIADI

670 ## - SOURCE DATA FOUND

  • Source citation: Work cat.: (NUST): MARYAM BUTT 72711, TH-SOF-0839-NOISE REMOVAL FROM ECG SIGNAL USING SSRLS ALGORITHM, 2013
© 2023 Central Library, National University of Sciences and Technology. All Rights Reserved.